000 00292nam a22001337a 4500
008 180316b xxu||||| |||| 00| 0 eng d
020 _a000020004101
041 _aeng
080 _a78
100 _a45
101 _amus
245 _amusic for concert band
_ckreines.j
942 _2udc
_cBK
999 _c45278
_d45278